1698 1949 1391 1067 1769 1267 1954 1467 1854 1136 1088 1768 1228 1636 1761 1892 1336 1442 1581 1616 1932 1453 1847 1823 1944 1179 1592 1820 1899 1740 1064 1118 1471 1129 1069 1402 1627 1887 1775 1175 1669 1751 1302 1081 1025 1861 1452 1491 1539 1976 1365 1609 1232 1467 1204 1726 1997 1134 1045 1499 1037 1161 1338 1413 1274 1484 1765 1632 1588 1003 1742 1666 1205 1036 1015 1322 1896 1543 1137 1110 1343 1050 1688 1105 1782 1069 1839 1261 1535 1294 1834 1604 1100 1964 1102 1649 1669 1554 1382 BCNSPRNW ULIB Ver.6.0+V

เปลี่ยนเป็นภาษาไทย

Change to English
 แสดงรายละเอียดบรรณานุกรม
  กลับหน้าหลัก

Brief Record : Get Marc (ISO 2709) : E-mail record : QR code < ปิดหน้าต่าง
LEADER : 00000nam 2200000uu 4500
001    13399125611
003     ULIB
008    170711s2559||||th 000 0 tha d
020    ^a9786165156554
060  0 ^aWB890^bน779ห
110 1  ^aเนชั่น อินเตอร์เนชั่นเนล เอ็นดูเทนเมนท์
245 00 ^aหยุดป่วยด้วยแพทย์ทางเลือก /^cเนชั่น อินเตอร์เนชั่นเนล เอ็นดูเทนเมนท์
260    ^aกรุงเทพฯ : ^bเนชั่น อินเตอร์เนชั่นเนล เอ็นดูเทนเมนท์,^c2559
300    ^a200 ; ^c21ซม.
650  0 ^aการแพทย์ทางเลือก
710 1  ^aเนชั่น อินเตอร์เนชั่นเนล เอ็นดูเทนเมนท์
945    ^p0^l0^i002565
999    ^aประนอม เกษจรัล
รายการนี้ยังไม่มีแท็ก
คุณยังไม่ได้ล็อกอิน คุณสามารถมีกิจกรรมร่วมกับเว็บไซต์ได้ แต่ต้องล็อกอินก่อน ::
  ล็อกอิน

รายการสื่อสารสนเทศ

ลำดับที่ ประเภท เลขเรียก/บาร์โค้ด สถานที่ สถานะ
1. วิทยาศาสตร์การแพทย์ และสุขภาพ
วิทยาศาสตร์การแพทย์ และสุขภาพ
สถานะ=หนังสือเก่า
WB890 น779ห ฉ.1 
  Barcode: 002565
ห้องสมุดวิทยาเขตสวรรค์ประชารักษ์
►ส่วนจัดเก็บหนังสือเก่า สปร
บนชั้น
  ขอยืม

รายการใกล้เคียง
    หัวเรื่อง [การแพทย์ทางเลือก]

BibComment


ยังไม่เคยถูกคอมเมนท์

คอมเมนท์ทรัพยากรรายการนี้
  คอมเมนท์: หยุดป่วยด้วยแพทย..


 Copyright 2026. Bcnsprnw @Library